[Event "Madurai Athens of the East op 3rd"]
[Site "Madurai"]
[Date "2023.12.29"]
[Round "9"]
[White "Anuj, Shrivatri"]
[Black "Srihari, LR."]
[Result "1/2-1/2"]
[WhiteElo "2400"]
[BlackElo "2467"]
[PlyCount "134"]
[EventDate "2023.12.23"]
[EventType "swiss"]
[EventRounds "10"]
[EventCountry "IND"]
[SourceTitle "CB06_2024"]
[SourceDate "2024.02.07"]
[SourceVersion "1"]
[SourceVersionDate "2024.02.07"]
[SourceQuality "1"]

1. c4 c6 2. Nf3 d5 3. g3 dxc4 4. Bg2 Nd7 5. Qc2 Nb6 6. 0-0 Nf6 7. Na3 Be6 8. Ne5 Qc8 9. Rd1 h5 10. Naxc4 Nxc4 11. Nxc4 h4 12. Ne5 hxg3 13. hxg3 Bh3 14. Bf3 g6 15. d4 Bg7 16. Bg5 0-0 17. Rac1 Qf5 18. Qxf5 Bxf5 19. Nd3 Bxd3 20. Rxd3 Rfd8 21. Bd2 Rd7 22. Ba5 e6 23. Rdd1 Nd5 24. e3 Nb6 25. Kf1 Rad8 26. b3 Bf6 27. Ke2 Kg7 28. a4 Rh8 29. Bd2 Rhd8 30. a5 Nd5 31. a6 Ne7 32. b4 bxa6 33. Bxc6 Rd6 34. Bf3 R8d7 35. Rc5 g5 36. Rc2 Rb6 37. Rdc1 e5 38. dxe5 Bxe5 39. Be1 Rd8 40. Be4 f5 41. Bd3 Bd6 42. Bc3+ Kf7 43. Rh1 Bxb4 44. Rh7+ Ke8 45. Bxb4 Rxb4 46. Rh8+ Kd7 47. Bxf5+ Nxf5 48. Rd2+ Nd6 49. Rxd8+ Kxd8 50. Rxd6+ Kc7 51. Rxa6 Kb7 52. Rf6 a5 53. f4 g4 54. Rf5 a4 55. Ra5 Kb6 56. Ra8 Kb7 57. Ra5 Kb6 58. Ra8 Kb7 59. Rd8 a3 60. Rd1 a2 61. Ra1 Ra4 62. Kd3 Kc6 63. Kc3 Ra3+ 64. Kd4 Kd6 65. Ke4 Ra5 66. Kd4 Ra4+ 67. Kc3 Ra3+ 1/2-1/2

[Event "Madurai Athens of the East op 3rd"]
[Site "Madurai"]
[Date "2023.12.25"]
[Round "4"]
[White "Anuj, Shrivatri"]
[Black "Selvamurugan, B."]
[Result "1-0"]
[WhiteElo "2400"]
[BlackElo "1920"]
[PlyCount "51"]
[EventDate "2023.12.23"]
[EventType "swiss"]
[EventRounds "10"]
[EventCountry "IND"]
[SourceTitle "CB06_2024"]
[SourceDate "2024.02.07"]
[SourceVersion "1"]
[SourceVersionDate "2024.02.07"]
[SourceQuality "1"]

1. Nf3 d5 2. g3 c6 3. Bg2 Bg4 4. 0-0 Nd7 5. h3 Bh5 6. d4 e6 7. c4 Ngf6 8. cxd5 exd5 9. Ne5 Bg6 10. Nc3 Nxe5 11. dxe5 Ne4 12. Nxe4 Bxe4 13. Bxe4 dxe4 14. Qb3 Qc8 15. Be3 Be7 16. Rfd1 0-0 17. Rac1 Re8 18. Rd4 Qxh3 19. Qxb7 Qh5 20. Qxc6 Qxe2 21. Rd7 Bf8 22. Qd5 Qxb2 23. Rxf7 Kh8 24. e6 Rad8 25. Rxf8+ Rxf8 26. e7 1-0

[Event "Titled Tuesday intern op 29th Aug Early"]
[Site "Chess.com INT"]
[Date "2023.08.29"]
[Round "3"]
[White "Anuj, Shrivatri"]
[Black "Mendes, Aaron Reeve"]
[Result "1-0"]
[WhiteElo "2420"]
[BlackElo "2079"]
[PlyCount "113"]
[EventDate "2023.08.29"]
[EventType "swiss (blitz)"]
[EventRounds "11"]
[EventCountry "USA"]
[SourceTitle "EXT 2024"]
[Source "ChessBase"]
[SourceDate "2023.10.10"]
[SourceVersion "1"]
[SourceVersionDate "2023.10.10"]
[SourceQuality "1"]

1. e4 c5 2. Nf3 d6 3. d4 cxd4 4. Nxd4 Nf6 5. Nc3 a6 6. Bg5 e6 7. f4 Be7 8. Qf3 Qc7 9. 0-0-0 Nbd7 10. g4 b5 11. a3 Bb7 12. Bxf6 Nxf6 13. g5 Nd7 14. h4 Rc8 15. f5 e5 16. Nb3 Nc5 17. Nxc5 Qxc5 18. Rh2 h6 19. g6 fxg6 20. Qg4 g5 21. Kb1 h5 22. Qe2 g4 23. Nd5 Bf6 24. c3 Kd7 25. Qe1 Rhd8 26. Rhd2 Ke8 27. Rd3 Kf7 28. Be2 a5 29. R1d2 b4 30. axb4 axb4 31. cxb4 Qa7 32. Ra3 Qb8 33. b5 Rc5 34. Nc3 Rdc8 35. Bd1 Qc7 36. Bb3+ Kf8 37. Bd5 Bxd5 38. Rxd5 Qd8 39. Rxc5 Rxc5 40. Ra7 Bxh4 41. Qd1 Be7 42. Nd5 Bg5 43. b6 Qc8 44. Rc7 Rxc7 45. bxc7 Ke8 46. Qc2 h4 47. Nb6 h3 48. Nxc8 Be3 49. Nxd6+ Ke7 50. c8Q Kf6 51. Qe6+ Kg5 52. Nf7+ Kf4 53. Qxe5+ Kf3 54. Qch2 Bf2 55. Qef4+ Ke2 56. Qhxf2+ Kd1 57. Q4d2# 1-0

[Event "Hyderabad Slan op 1st"]
[Site "Hyderabad"]
[Date "2023.07.25"]
[Round "9"]
[White "Mehta, Naitik R"]
[Black "Anuj, Shrivatri"]
[Result "0-1"]
[WhiteElo "1891"]
[BlackElo "2427"]
[PlyCount "122"]
[EventDate "2023.07.21"]
[EventType "swiss"]
[EventRounds "9"]
[EventCountry "IND"]
[SourceTitle "CBM 215 Extra"]
[Source "ChessBase"]
[SourceDate "2023.09.30"]
[SourceVersion "1"]
[SourceVersionDate "2023.09.30"]
[SourceQuality "1"]

1. e4 e5 2. Bc4 Nf6 3. Nc3 Bc5 4. d3 c6 5. Nf3 d6 6. h3 0-0 7. 0-0 h6 8. Bb3 Re8 9. Ne2 Bb6 10. Ng3 Nbd7 11. c3 d5 12. Re1 Bc7 13. Bc2 Nf8 14. d4 Nxe4 15. dxe5 Nxg3 16. fxg3 f6 17. exf6 Rxe1+ 18. Qxe1 Qxf6 19. Qf2 Bf5 20. Bxf5 Qxf5 21. Be3 a6 22. Re1 Re8 23. Bb6 Rxe1+ 24. Nxe1 Qxf2+ 25. Bxf2 h5 26. Nd3 Ne6 27. Kf1 Kf7 28. Ke2 Bd6 29. Nc1 c5 30. Nb3 b6 31. Nd2 Kf6 32. Nf1 Kf5 33. Kd3 c4+ 34. Ke2 b5 35. Be3 Be5 36. Kf3 Ng5+ 37. Bxg5 Kxg5 38. h4+ Kg6 39. Ke2 Kf5 40. Ne3+ Ke4 41. Nf1 d4 42. cxd4 Bxd4 43. b3 c3 44. g4 hxg4 45. Ng3+ Ke5 46. Kd3 Bf2 47. Ne2 b4 48. a3 bxa3 49. Kxc3 a5 50. Kc2 Bxh4 51. Nc3 Kf4 52. Nb5 Be7 53. Kb1 Kg3 54. Nd4 Kxg2 55. Nf5 Bf8 56. Ka2 g3 57. Ne3+ Kf3 58. Nc4 g2 59. Nxa5 g1Q 60. Nc6 Qf2+ 61. Kb1 Qb2# 0-1

[Event "Titled Tuesday intern op 20th Jun Early"]
[Site "Chess.com INT"]
[Date "2023.06.20"]
[Round "2"]
[White "Melikhov, Evgeny V"]
[Black "Anuj, Shrivatri"]
[Result "0-1"]
[WhiteElo "2271"]
[BlackElo "2404"]
[PlyCount "100"]
[EventDate "2023.06.20"]
[EventType "swiss (blitz)"]
[EventRounds "11"]
[EventCountry "USA"]
[SourceTitle "EXT 2024"]
[Source "ChessBase"]
[SourceDate "2023.10.10"]
[SourceVersion "1"]
[SourceVersionDate "2023.10.10"]
[SourceQuality "1"]

1. d4 Nf6 2. c4 c6 3. Nc3 d5 4. e3 e6 5. Nf3 Nbd7 6. Bd3 dxc4 7. Bxc4 b5 8. Bd3 Bb7 9. 0-0 Bd6 10. Qc2 0-0 11. h3 a6 12. e4 e5 13. Be3 Qc7 14. a3 Rfe8 15. b4 exd4 16. Nxd4 c5 17. Nf5 c4 18. Nxd6 Qxd6 19. Be2 Nxe4 20. Rad1 Qe6 21. Nxe4 Bxe4 22. Qd2 Nf6 23. Qd6 Nd5 24. Qxe6 Rxe6 25. Bc5 Nf4 26. Bg4 f5 27. f3 Bd3 28. Rxd3 Nxd3 29. Bxf5 Re5 30. Be4 Rd8 31. Rd1 Kf7 32. Kf1 g6 33. Bb6 Rd7 34. Be3 h5 35. Ke2 h4 36. Bxd3 cxd3+ 37. Rxd3 Rxd3 38. Kxd3 Ke6 39. f4 Rd5+ 40. Ke4 Rd1 41. Bf2 Rd2 42. Ke3 Ra2 43. Bxh4 Rxg2 44. Bf2 Rh2 45. h4 Rh3+ 46. Ke4 Rxa3 47. Be3 Rb3 48. Bd2 Rb2 49. Kd3 Kf5 50. Be3 Rb3+ 0-1

[Event "Titled Tuesday intern op 20th Jun Early"]
[Site "Chess.com INT"]
[Date "2023.06.20"]
[Round "5"]
[White "Wang, Alexander J"]
[Black "Anuj, Shrivatri"]
[Result "1/2-1/2"]
[WhiteElo "1821"]
[BlackElo "2404"]
[PlyCount "93"]
[EventDate "2023.06.20"]
[EventType "swiss (blitz)"]
[EventRounds "11"]
[EventCountry "USA"]
[SourceTitle "EXT 2024"]
[Source "ChessBase"]
[SourceDate "2023.10.10"]
[SourceVersion "1"]
[SourceVersionDate "2023.10.10"]
[SourceQuality "1"]

1. e4 c5 2. Nf3 e6 3. d4 cxd4 4. Nxd4 Nc6 5. Nc3 Qc7 6. g3 a6 7. Bg2 h5 8. h4 Nf6 9. 0-0 Bc5 10. Be3 Ne5 11. Bf4 d6 12. Nb3 Ba7 13. Bxe5 dxe5 14. Qe2 Bd7 15. a4 0-0 16. Bf3 g6 17. Rad1 Rac8 18. Rd2 Qc4 19. Rfd1 Qxe2 20. Bxe2 Rc7 21. Kg2 Rfc8 22. f3 Kf8 23. Bd3 Ke7 24. Re2 Bd4 25. Nxd4 exd4 26. Nb1 Bxa4 27. b3 Be8 28. Nd2 Nd7 29. Nc4 b5 30. Nd2 Ne5 31. Ra1 Rc6 32. f4 Nxd3 33. cxd3 Rd6 34. e5 Rb6 35. Ne4 Bc6 36. Kf2 Bxe4 37. Rxe4 Rc3 38. Rxd4 Rxb3 39. Rc1 b4 40. Rc7+ Kf8 41. Rdd7 Rc3 42. Rxf7+ Ke8 43. Rfe7+ Kd8 44. Red7+ Ke8 45. Re7+ Kd8 46. Red7+ Ke8 47. Re7+ 1/2-1/2

[Event "Dubai op-A 23rd"]
[Site "Dubai"]
[Date "2023.06.04"]
[Round "9"]
[White "Anuj, Shrivatri"]
[Black "Adhiban, Baskaran"]
[Result "1-0"]
[WhiteElo "2404"]
[BlackElo "2589"]
[PlyCount "93"]
[EventDate "2023.05.27"]
[EventType "swiss"]
[EventRounds "9"]
[EventCountry "UAE"]
[SourceTitle "CBM 214 Extra"]
[Source "ChessBase"]
[SourceDate "2023.07.31"]
[SourceVersion "1"]
[SourceVersionDate "2023.07.31"]
[SourceQuality "1"]

1. d4 g6 2. e4 Bg7 3. Nf3 d6 4. Be2 Nf6 5. Nc3 0-0 6. 0-0 a6 7. a4 e6 8. h3 Nc6 9. a5 h6 10. Bf4 g5 11. Bh2 g4 12. hxg4 Nxg4 13. Bg3 f5 14. exf5 exf5 15. Nd5 Kh7 16. c3 Ne7 17. Bh4 Bf6 18. Nxf6+ Nxf6 19. Bd3 Ng6 20. Qc2 Qd7 21. Rae1 Nh5 22. Qd1 Nhf4 23. Bc4 Qg7 24. g3 b5 25. axb6 cxb6 26. Kh2 Bb7 27. d5 Nh5 28. Nd4 Nhf4 29. gxf4 Nxh4 30. Rg1 Qf7 31. Re6 Rg8 32. Rg3 Rae8 33. Qe2 b5 34. Bd3 Bxd5 35. Nxf5 Nf3+ 36. Qxf3 Qxe6 37. Qh5 Rxg3 38. fxg3 Kh8 39. Nxh6 Re7 40. Nf5+ Rh7 41. Qxh7+ Kxh7 42. Nd4+ Qe4 43. Bxe4+ Bxe4 44. b4 Kg6 45. g4 Bd5 46. Kg3 Be4 47. f5+ 1-0

[Event "Dubai op-A 23rd"]
[Site "Dubai"]
[Date "2023.06.01"]
[Round "6"]
[White "Mchedlishvili, Mikheil"]
[Black "Anuj, Shrivatri"]
[Result "0-1"]
[WhiteElo "2553"]
[BlackElo "2404"]
[PlyCount "132"]
[EventDate "2023.05.27"]
[EventType "swiss"]
[EventRounds "9"]
[EventCountry "UAE"]
[SourceTitle "CBM 214 Extra"]
[Source "ChessBase"]
[SourceDate "2023.07.31"]
[SourceVersion "1"]
[SourceVersionDate "2023.07.31"]
[SourceQuality "1"]

1. d4 Nf6 2. c4 e6 3. Nf3 d5 4. g3 Bb4+ 5. Bd2 a5 6. Bg2 0-0 7. Qc1 Be7 8. 0-0 Nbd7 9. Rd1 c6 10. Bf4 a4 11. a3 h6 12. Ne5 Nxe5 13. Bxe5 Nd7 14. Bf4 g5 15. Bd2 f5 16. Bb4 Nf6 17. Nd2 g4 18. Nb1 Kg7 19. Nc3 Bd7 20. Qc2 b5 21. cxd5 cxd5 22. Na2 Rc8 23. Qd2 Rc4 24. Rac1 Re8 25. Qe3 Qb6 26. Bxe7 Rxe7 27. Nb4 Re8 28. Qd2 Rec8 29. e3 Qa5 30. Qe1 Be8 31. Qf1 Nd7 32. Qe1 Bf7 33. Bf1 Nf6 34. Bg2 h5 35. Ra1 Rh8 36. Nd3 Qc7 37. Rab1 h4 38. b3 axb3 39. Rxb3 Be8 40. Rbb1 Bd7 41. Ne5 Ra8 42. Bf1 Rc3 43. Bxb5 Bxb5 44. Rxb5 Rcxa3 45. Rdb1 R8a7 46. gxh4 Ne4 47. Rb6 Ra2 48. R6b2 Nc3 49. Rxa2 Rxa2 50. Rb3 Rc2 51. Nd3 Qc4 52. Rb7+ Kh6 53. Nf4 Ne4 54. Rb1 Nxf2 55. Qb4 Qxb4 56. Rxb4 Nh3+ 57. Nxh3 gxh3 58. Rb6 Kh5 59. Rxe6 Rg2+ 60. Kh1 Re2 61. Kg1 Rg2+ 62. Kh1 Kxh4 63. Re5 Kg4 64. Rxd5 Rb2 65. Kg1 f4 66. Kf1 Kf3 0-1

[Event "Dubai op-A 23rd"]
[Site "Dubai"]
[Date "2023.05.31"]
[Round "5"]
[White "Anuj, Shrivatri"]
[Black "Raja, Rithvik R"]
[Result "1-0"]
[WhiteElo "2404"]
[BlackElo "2476"]
[PlyCount "85"]
[EventDate "2023.05.27"]
[EventType "swiss"]
[EventRounds "9"]
[EventCountry "UAE"]
[SourceTitle "CBM 214 Extra"]
[Source "ChessBase"]
[SourceDate "2023.07.31"]
[SourceVersion "1"]
[SourceVersionDate "2023.07.31"]
[SourceQuality "1"]

1. Nf3 d5 2. g3 c6 3. Bg2 Bg4 4. 0-0 e6 5. h3 Bh5 6. c4 Nf6 7. d4 Be7 8. Nc3 Nbd7 9. cxd5 exd5 10. Ne5 Bg6 11. f4 Be4 12. Nxe4 Nxe4 13. Bxe4 dxe4 14. Qb3 Nxe5 15. dxe5 Qb6+ 16. Be3 Bc5 17. Qxb6 Bxb6 18. Kf2 Ke7 19. Rfd1 Rhd8 20. a3 f6 21. exf6+ gxf6 22. Bxb6 axb6 23. Ke3 Rg8 24. g4 h5 25. Rg1 hxg4 26. hxg4 Rad8 27. b4 Ke6 28. Kxe4 Rd2 29. Kf3 Rh8 30. Rh1 Rxh1 31. Rxh1 Ra2 32. Rh6 Rxa3+ 33. Ke4 Rb3 34. g5 Rxb4+ 35. Kf3 c5 36. Rxf6+ Ke7 37. f5 c4 38. Re6+ Kf8 39. g6 c3 40. f6 c2 41. g7+ Kf7 42. Re7+ Kxf6 43. g8Q 1-0

[Event "Titled Tuesday intern op 16th May Early"]
[Site "Chess.com INT"]
[Date "2023.05.16"]
[Round "1"]
[White "Mogirzan, Matei Valeriu"]
[Black "Anuj, Shrivatri"]
[Result "0-1"]
[WhiteElo "1813"]
[BlackElo "2404"]
[PlyCount "98"]
[EventDate "2023.05.16"]
[EventType "swiss (blitz)"]
[EventRounds "11"]
[EventCountry "USA"]
[SourceTitle "CBM 214 Extra"]
[Source "ChessBase"]
[SourceDate "2023.07.31"]
[SourceVersion "1"]
[SourceVersionDate "2023.07.31"]
[SourceQuality "1"]

1. e4 c6 2. d4 d5 3. Nc3 dxe4 4. Nxe4 Nf6 5. Nxf6+ exf6 6. Bd3 Bd6 7. Qh5 g6 8. Qh6 Bb4+ 9. c3 Qxd4 10. Qg7 Rf8 11. cxb4 Qxd3 12. Bh6 Qe4+ 13. Ne2 Qxb4+ 14. Nc3 Be6 15. 0-0 Nd7 16. a3 Qxb2 17. Ne4 Qe5 18. Rad1 Qxe4 19. Rfe1 Qf5 20. Qxh7 0-0-0 21. Bxf8 Rxf8 22. Qh4 g5 23. Qb4 Rh8 24. h3 Qf4 25. Qxf4 gxf4 26. Re4 f3 27. gxf3 Rxh3 28. Kg2 Rh5 29. Rh1 Rxh1 30. Kxh1 Bd5 31. Rf4 c5 32. Kg1 c4 33. Rd4 Be6 34. f4 f5 35. Kf1 Kc7 36. Ke1 Kc6 37. Kd2 Kc5 38. Kc3 b5 39. Rd1 a5 40. f3 b4+ 41. axb4+ axb4+ 42. Kd2 c3+ 43. Ke3 c2 44. Rc1 b3 45. Kd3 Nb6 46. Kc3 Na4+ 47. Kd3 Bc4+ 48. Ke3 b2 49. Rxc2 b1Q 0-1

[Event "Titled Tuesday intern op 02nd May Early"]
[Site "Chess.com INT"]
[Date "2023.05.02"]
[Round "7"]
[White "Anuj, Shrivatri"]
[Black "Loiacono, Antonio"]
[Result "0-1"]
[WhiteElo "2404"]
[BlackElo "2350"]
[PlyCount "60"]
[EventDate "2023.05.02"]
[EventType "swiss (blitz)"]
[EventRounds "11"]
[EventCountry "USA"]
[SourceTitle "EXT 2024"]
[Source "ChessBase"]
[SourceDate "2023.10.10"]
[SourceVersion "1"]
[SourceVersionDate "2023.10.10"]
[SourceQuality "1"]

1. d4 Nf6 2. Nf3 b6 3. c4 Bb7 4. Nc3 e6 5. a3 d5 6. cxd5 Nxd5 7. Qc2 Nd7 8. e4 Nxc3 9. bxc3 Nf6 10. Bb5+ c6 11. Bd3 Be7 12. 0-0 h6 13. e5 Nd5 14. c4 Nc7 15. Be4 Qc8 16. h4 c5 17. Qa4+ Kf8 18. Bxb7 Qxb7 19. dxc5 Bxc5 20. Rd1 Ne8 21. Rd7 Qe4 22. Bd2 g6 23. Re1 Qf5 24. Qc6 Rb8 25. Re4 g5 26. Rxa7 Rg8 27. Qd7 Rg7 28. Qc6 Kg8 29. hxg5 hxg5 30. Nh2 Qxf2+ 0-1

[Event "Titled Tuesday intern op 02nd May Early"]
[Site "Chess.com INT"]
[Date "2023.05.02"]
[Round "6"]
[White "Terry, Renato"]
[Black "Anuj, Shrivatri"]
[Result "1-0"]
[WhiteElo "2520"]
[BlackElo "2404"]
[PlyCount "75"]
[EventDate "2023.05.02"]
[EventType "swiss (blitz)"]
[EventRounds "11"]
[EventCountry "USA"]
[SourceTitle "EXT 2024"]
[Source "ChessBase"]
[SourceDate "2023.10.10"]
[SourceVersion "1"]
[SourceVersionDate "2023.10.10"]
[SourceQuality "1"]

1. d4 Nf6 2. Bg5 d5 3. Nc3 c6 4. e3 Nbd7 5. f4 e6 6. a3 Be7 7. Nf3 h6 8. Bh4 a5 9. Bd3 b6 10. Qe2 c5 11. Bb5 0-0 12. 0-0 Ne4 13. Nxe4 Bxh4 14. Nxh4 dxe4 15. g3 Nf6 16. Rad1 Qe7 17. c3 Bd7 18. Bxd7 Nxd7 19. d5 Nf6 20. c4 Rfd8 21. g4 Nxd5 22. cxd5 Qxh4 23. d6 Rd7 24. Rd2 Rad8 25. Rfd1 Kh7 26. Kg2 f5 27. h3 g5 28. fxg5 Qxg5 29. Kh1 Rg8 30. Rg1 h5 31. Rg2 fxg4 32. hxg4 hxg4 33. Rh2+ Kg6 34. Qc4 Qe5 35. Rdg2 g3 36. Rxg3+ Qxg3 37. Qxe6+ Kg5 38. Qxg8+ 1-0

[Event "Indore op 1st"]
[Site "Indore"]
[Date "2023.04.05"]
[Round "7"]
[White "Arpith, S Bijoy"]
[Black "Anuj, Shrivatri"]
[Result "0-1"]
[WhiteElo "1966"]
[BlackElo "2407"]
[PlyCount "86"]
[EventDate "2023.04.01"]
[EventType "swiss"]
[EventRounds "10"]
[EventCountry "IND"]
[SourceTitle "CBM 213 Extra"]
[Source "ChessBase"]
[SourceDate "2023.05.31"]
[SourceVersion "1"]
[SourceVersionDate "2023.05.31"]
[SourceQuality "1"]

1. d4 Nf6 2. c4 g6 3. Nc3 Bg7 4. e4 d6 5. Be2 0-0 6. Bg5 c5 7. d5 h6 8. Bh4 b5 9. cxb5 a6 10. a4 Qa5 11. Qd2 Qb4 12. Nf3 axb5 13. 0-0 bxa4 14. Rfe1 Bg4 15. e5 dxe5 16. Bg3 e4 17. Ne5 Bxe2 18. Qxe2 Rd8 19. Nc6 Nxc6 20. dxc6 Rdc8 21. c7 e6 22. Qd1 Ne8 23. Qd7 Qd4 24. Qxd4 cxd4 25. Nxa4 e5 26. f4 f5 27. Nb6 Rxa1 28. Rxa1 Rxc7 29. fxe5 d3 30. Kf2 Rb7 31. Nc4 Nc7 32. Ke3 Bf8 33. Kd4 Rb5 34. Kc3 Bb4+ 35. Kd4 Bc5+ 36. Kc3 Nd5+ 37. Kd2 f4 38. Ra8+ Kf7 39. e6+ Kxe6 40. Re8+ Be7 41. Bxf4 Nxf4 42. Ke3 Rb4 43. b3 Nxg2+ 0-1

[Event "New Delhi op 20th"]
[Site "New Delhi"]
[Date "2023.03.30"]
[Round "10"]
[White "Murzin, Volodar"]
[Black "Anuj, Shrivatri"]
[Result "1/2-1/2"]
[WhiteElo "2554"]
[BlackElo "2407"]
[PlyCount "60"]
[EventDate "2023.03.23"]
[EventType "swiss"]
[EventRounds "10"]
[EventCountry "IND"]
[SourceTitle "CBM 213 Extra"]
[Source "ChessBase"]
[SourceDate "2023.05.31"]
[SourceVersion "1"]
[SourceVersionDate "2023.05.31"]
[SourceQuality "1"]

1. e4 e5 2. Nf3 Nc6 3. Bb5 Nf6 4. d3 Bc5 5. Nbd2 Nd4 6. Nxd4 Bxd4 7. Nf3 Bb6 8. 0-0 c6 9. Ba4 d6 10. h3 h6 11. c3 0-0 12. Bc2 Re8 13. Be3 Bc7 14. Nd2 d5 15. Qf3 Be6 16. Rfe1 Qe7 17. Nf1 Rad8 18. Ng3 dxe4 19. dxe4 Bb6 20. Bb3 Kh7 21. Rad1 Bxb3 22. axb3 g6 23. Nf1 Rxd1 24. Rxd1 Rd8 25. Rxd8 Qxd8 26. Nd2 Kg7 27. Kh2 Bxe3 28. Qxe3 Qb6 29. Qxb6 axb6 30. Kg3 b5 1/2-1/2

[Event "New Delhi op 20th"]
[Site "New Delhi"]
[Date "2023.03.29"]
[Round "9"]
[White "Anuj, Shrivatri"]
[Black "Krasenkow, Michal"]
[Result "1/2-1/2"]
[WhiteElo "2407"]
[BlackElo "2527"]
[PlyCount "174"]
[EventDate "2023.03.23"]
[EventType "swiss"]
[EventRounds "10"]
[EventCountry "IND"]
[SourceTitle "CBM 213 Extra"]
[Source "ChessBase"]
[SourceDate "2023.05.31"]
[SourceVersion "1"]
[SourceVersionDate "2023.05.31"]
[SourceQuality "1"]

1. Nf3 d6 2. d4 Bg4 3. e3 Nf6 4. c4 Nbd7 5. Nc3 c6 6. Be2 e5 7. 0-0 Be7 8. e4 0-0 9. Be3 a6 10. d5 cxd5 11. cxd5 b5 12. Nd2 Bxe2 13. Qxe2 Qb8 14. Rfc1 Rc8 15. a3 Qb7 16. Na2 a5 17. Rxc8+ Rxc8 18. Rc1 Rxc1+ 19. Nxc1 Qc7 20. Nf1 b4 21. axb4 Nxe4 22. Qb5 axb4 23. Nd3 b3 24. Nb4 Nec5 25. Nc6 Bf8 26. Nd2 Nf6 27. Bxc5 dxc5 28. Qxb3 Qd6 29. Nc4 Qxd5 30. N6xe5 Qe4 31. g3 Ng4 32. Nxg4 Qxg4 33. Qd3 Qe6 34. b3 g6 35. Kg2 h5 36. Qe3 Qd5+ 37. Qf3 Qd7 38. h4 Bg7 39. Qa8+ Kh7 40. Qf3 Bd4 41. Qe4 Kg7 42. Qf3 Qe6 43. Nd2 Qf6 44. Ne4 Qxf3+ 45. Kxf3 Kf8 46. Ng5 Ke7 47. Ke2 f6 48. Nf3 Bc3 49. Kd3 Bb4 50. Ng1 Ke6 51. Ke4 Kd6 52. Nh3 Bd2 53. Nf4 Bxf4 54. gxf4 Kc6 55. f5 gxf5+ 56. Kxf5 Kb5 57. Ke6 Kb4 58. Kd6 f5 59. f4 Kb5 60. Kd5 Kb4 61. Kd6 Kb5 62. Ke5 Kb4 63. Kd5 Kb5 64. Kd6 Kb4 65. Kd5 Kb5 66. Ke5 Kb4 67. Kxf5 Kxb3 68. Kg6 c4 69. f5 c3 70. f6 c2 71. f7 c1Q 72. f8Q Qd1 73. Qf7+ Kb2 74. Qf6+ Kb1 75. Qf5+ Ka1 76. Qa5+ Kb2 77. Qb6+ Ka1 78. Qa7+ Kb2 79. Qb7+ Ka1 80. Qa6+ Kb2 81. Qb5+ Ka1 82. Qe5+ Kb1 83. Qf5+ Ka1 84. Qf6+ Kb1 85. Qe6 Qg4+ 86. Qxg4 hxg4 87. h5 Ka2 1/2-1/2

[Event "Titled Tuesday intern op 21st Feb Early"]
[Site "Chess.com INT"]
[Date "2023.02.21"]
[Round "2"]
[White "Anuj, Shrivatri"]
[Black "Avalos Parra, Joao"]
[Result "1-0"]
[WhiteElo "2407"]
[BlackElo "2185"]
[PlyCount "105"]
[EventDate "2023.02.21"]
[EventType "swiss (blitz)"]
[EventRounds "11"]
[EventCountry "USA"]
[SourceTitle "CBM 212 Extra"]
[Source "ChessBase"]
[SourceDate "2023.03.31"]
[SourceVersion "1"]
[SourceVersionDate "2023.03.31"]
[SourceQuality "1"]

1. Nf3 d5 2. d4 Nf6 3. c4 e6 4. Nc3 Bb4 5. Qa4+ Nc6 6. e3 0-0 7. Qc2 Re8 8. Bd2 e5 9. dxe5 Nxe5 10. cxd5 Bg4 11. Be2 a5 12. a3 Bc5 13. Rd1 Qe7 14. Qa4 Bd7 15. Qf4 Bd6 16. Nxe5 Bxe5 17. Qh4 Nxd5 18. Qxe7 Nxe7 19. Bf3 c6 20. Ke2 Be6 21. Bc1 Red8 22. Be4 Bb3 23. Rd2 Rxd2+ 24. Bxd2 Rd8 25. Bd3 Nc8 26. f4 Bf6 27. Ne4 Be7 28. Rc1 a4 29. Ba5 Re8 30. Nc5 Bxc5 31. Rxc5 b6 32. Rxc6 bxa5 33. Ra6 g6 34. Rxa5 Nd6 35. g4 Kg7 36. g5 Ne4 37. h4 Ng3+ 38. Kf3 Nf5 39. Bxf5 gxf5 40. h5 Bd1+ 41. Kf2 Bxh5 42. Rxa4 Rc8 43. Rb4 Rc2+ 44. Kg3 Be2 45. a4 Bd3 46. a5 Be4 47. a6 Rg2+ 48. Kh3 h6 49. a7 Rg1 50. Rxe4 Ra1 51. gxh6+ Kxh6 52. Re7 Kg6 53. b4 1-0

[Event "Titled Tuesday intern op 21st Feb Early"]
[Site "Chess.com INT"]
[Date "2023.02.21"]
[Round "7"]
[White "Anuj, Shrivatri"]
[Black "Sharapov, Evgeny"]
[Result "1-0"]
[WhiteElo "2407"]
[BlackElo "2375"]
[PlyCount "63"]
[EventDate "2023.02.21"]
[EventType "swiss (blitz)"]
[EventRounds "11"]
[EventCountry "USA"]
[SourceTitle "CBM 212 Extra"]
[Source "ChessBase"]
[SourceDate "2023.03.31"]
[SourceVersion "1"]
[SourceVersionDate "2023.03.31"]
[SourceQuality "1"]

1. Nf3 c5 2. c4 Nc6 3. g3 e5 4. Bg2 g6 5. 0-0 Bg7 6. Nc3 d6 7. a3 a5 8. d3 Nge7 9. Bg5 0-0 10. Ne1 f6 11. Be3 Be6 12. Rb1 Rb8 13. Nc2 b6 14. b4 axb4 15. axb4 cxb4 16. Nxb4 Nxb4 17. Rxb4 d5 18. cxd5 Nxd5 19. Nxd5 Bxd5 20. Bxd5+ Qxd5 21. Qb3 Qxb3 22. Rxb3 Rfc8 23. Rfb1 Rc2 24. Kf1 Rc6 25. Bxb6 Bh6 26. Kg2 Rc2 27. Kf3 f5 28. Be3 Rxb3 29. Rxb3 e4+ 30. dxe4 fxe4+ 31. Kxe4 Rxe2 32. Kf3 1-0

[Event "IND-ch 59th"]
[Site "New Delhi"]
[Date "2023.01.03"]
[Round "13"]
[White "Iniyan, Panneerseluam"]
[Black "Anuj, Shrivatri"]
[Result "1-0"]
[WhiteElo "2507"]
[BlackElo "2414"]
[PlyCount "131"]
[EventDate "2022.12.22"]
[EventType "swiss"]
[EventRounds "13"]
[EventCountry "IND"]
[SourceTitle "CBM 211 Extra"]
[Source "ChessBase"]
[SourceDate "2023.01.31"]
[SourceVersion "1"]
[SourceVersionDate "2023.01.31"]
[SourceQuality "1"]

1. d4 Nf6 2. c4 e6 3. Nc3 Bb4 4. g3 0-0 5. Bg2 d5 6. Nf3 dxc4 7. 0-0 Nc6 8. Re1 Rb8 9. e4 b5 10. a3 Be7 11. Bf4 a6 12. Qd2 Na5 13. Rad1 Bb7 14. Qc2 Nb3 15. h3 h6 16. g4 Nh7 17. Bg3 Bd6 18. e5 Be7 19. Ne4 Ng5 20. Nfxg5 hxg5 21. Qc3 Bd5 22. Qe3 Rc8 23. Kh2 c5 24. dxc5 Nxc5 25. Nc3 Nd3 26. Nxd5 exd5 27. Rxd3 cxd3 28. Qxd3 g6 29. e6 Kg7 30. exf7 Rxf7 31. Re6 Bf6 32. Rxa6 Qe8 33. Bxd5 Rf8 34. Re6 Qd7 35. Rb6 Kh6 36. f4 Rc2+ 37. Qxc2 Qxd5 38. Rd6 Qf7 39. h4 gxf4 40. Rxf6 fxg3+ 41. Kxg3 Qe8 42. Rxf8 Qxf8 43. Qd2+ Kh7 44. Qd7+ Kh8 45. Qxb5 Qd6+ 46. Kf3 Qd1+ 47. Qe2 Qh1+ 48. Kg3 Qg1+ 49. Kf4 Qd4+ 50. Kf3 Qd5+ 51. Kg3 Qd6+ 52. Kh3 Qd5 53. Qe3 Kh7 54. b4 Qc4 55. Qf3 Qb5 56. h5 Qc4 57. hxg6+ Kxg6 58. Qe3 Qf1+ 59. Kg3 Qc4 60. Kh4 Qc6 61. Qd3+ Kg7 62. b5 Qh1+ 63. Kg3 Qg1+ 64. Kf3 Kf6 65. Qc3+ Ke6 66. Qe3+ 1-0